Football Kits: ALL English Football League Kits 2014-15 Quiz Stats

Quiz not verified by Sporcle

Score 0/92 Timer 11:00
0 Plays Today
% Correct
Manchester City
99.3%
Aston Villa
97.1%
Newcastle United
94.9%
Reading
94.1%
Arsenal
93.7%
Leeds United
92.9%
Manchester United
92.6%
Queens Park Rangers
92%
Fulham
90.3%
Liverpool
89.8%
Swansea City
89.3%
Crystal Palace
89%
Derby County
88.7%
Wolverhampton Wanderers
88.7%
Norwich City
88.6%
AFC Bournemouth
88.5%
Stoke City
87.2%
Blackburn Rovers
86%
Portsmouth
85.6%
Tottenham Hotspur
85.3%
Nottingham Forest
84.6%
Charlton Athletic
83.6%
West Bromwich Albion
83.6%
Leicester City
83.5%
Bradford City
82.9%
Everton
82.4%
Cardiff City
82.2%
Watford
82.2%
Burnley
81.1%
Chelsea
79.8%
Bolton Wanderers
79.6%
% Correct
Birmingham City
78.9%
Southampton
78%
Notts County
77.2%
Brighton & Hove Albion
76.9%
Blackpool
75.9%
West Ham United
75.6%
Hull City
75.4%
Plymouth Argyle
75.2%
MK Dons
75.2%
Coventry City
73.1%
Northampton Town
72.8%
Doncaster Rovers
69.6%
Sunderland
69.2%
Sheffield United
68.9%
Oxford United
68.4%
AFC Wimbledon
66.9%
Scunthorpe United
65.2%
Wycombe Wanderers
64.6%
Preston North End
64.5%
Brentford
64.3%
Wigan Athletic
63.9%
Yeovil Town
63.4%
Huddersfield Town
62.5%
Rotherham United
61.9%
Tranmere Rovers
60.8%
Middlesbrough
60.8%
Sheffield Wednesday
59.9%
Bristol City
56.7%
Ipswich Town
56%
Walsall
54.4%
Gillingham
52.7%
% Correct
Luton Town
50.9%
Swindon Town
50.8%
Millwall
49.9%
Mansfield Town
49.2%
Chesterfield
48.6%
Colchester United
47.7%
Leyton Orient
46.5%
Morecambe
46.2%
Cambridge United
44.8%
Shrewsbury Town
44.5%
Hartlepool United
44.2%
Oldham Athletic
43.5%
Burton Albion
41.8%
Bury
39.6%
Stevenage
39.6%
Peterborough United
39.5%
Carlisle United
39.4%
Exeter City
36.7%
Rochdale
36.3%
Barnsley
35.9%
Southend United
35.7%
Cheltenham Town
34.1%
Accrington Stanley
31.9%
Dagenham & Redbridge
31.8%
Port Vale
31.8%
Crewe Alexandra
31.4%
Newport County
31.4%
Fleetwood Town
31.2%
Crawley Town
30.6%
York City
28.9%

You're not logged in!

Compare scores with friends on all Sporcle quizzes.
Join for Free
OR
Log In

You Might Also Like...

Show Comments

Extras

Top Quizzes Today


Score Distribution

Your Account Isn't Verified!

In order to create a playlist on Sporcle, you need to verify the email address you used during registration. Go to your Sporcle Settings to finish the process.

Report this User

Report this user for behavior that violates our Community Guidelines.

Details: